New Zealand Rugby All Blacks - Year of last loss or draw to each opponent - Statistics

General Stats
  • This quiz has been taken 278 times
    75 since last reset
  • The average score is 8 of 9
Answer Stats
Opponent Result Score Year % Correct
British and Irish Lions Loss 21-24 2017
99%
Australia Loss 22-24 2019
99%
England Loss 7-19 2019
99%
Argentina Loss 18-25 2022
97%
South Africa Loss 7-35 2023
97%
Ireland Loss 22-32 2022
96%
France Loss 25-40 2021
93%
Scotland Draw 25-25 1983
70%
Wales Loss 8-13 1953
66%
No matching quizzes found
Score Distribution
Percent of People with Each Score
Percentile by Number Answered
Your Score History
You have not taken this quiz since the last reset